| 000 | 00997cab a22001935a 4500 | ||
|---|---|---|---|
| 001 | L141440 | ||
| 008 | 071126e20071109xxka f 000 0 eng d | ||
| 035 | _a(Sirsi) u141440 | ||
| 041 | 0 | _aeng | |
| 100 | 1 | _aLane, Thomas | |
| 245 | 0 | 0 | _aOur dark materials |
| 260 | _c2007 | ||
| 490 | 0 |
_aBuilding _v272(8505) 9 November 2007, 44-47(4) |
|
| 520 | _aLooks at the embodied energy content of buildings, and examines why it is becoming increasingly important. Notes that embodied energy makes up a much higher percentage of a low-energy building's total lifetime carbon footprint that one that uses lots of energy. Such figures have prompted calls for legislation to regulate embodied energy. Explores this issue in more detail and considers ways to cut embodied energy. Provides a calculation for the embodied energy content of One Kingdom St, PaddingtonCentral, west London. | ||
| 590 | _aKA | ||
| 651 | 4 |
_aUnited Kingdom _y |
|
| 690 | _aBUILT ENVIRONMENT-SUSTAINABLE CONSTRUCTION | ||
| 942 | _n0 | ||
| 999 |
_c79486 _d79486 |
||